000 00604nam a2200217Ia 4500
005 20250508164352.0
008 008 250505s9999 xx 000 0 hin d
020 _a81-7055-550-7
037 _aTextual
040 _aFEDL
_beng
_cFEDL
041 _ahin
_2eng
084 _a891.433, YAD
_qFEDL
100 _aYadav Rajendra
245 0 _aUpanyaas : Swaroop aur samvendana
260 _aNew Delhi, India
_bVani Prakashan
_c2007
300 _a266p
365 _aINR
_b300
650 _aHindi literature-Fiction
_9722739
942 _cTEXL
_h891.433, YAD
999 _c1388790
_d1388790